00650cam a2200217 4500001001300000003000400013005001700017008004100034010001700075025002000092040001800112050001900130110007300149245002400222260006100246300001800307350000900325650004600334650003500380999001700415sa 68016323 DLC20260227112653.0700702s1965 ii 000 0 eng  asa 68016323  aPL480:I-E-10355 aDLCcDLCdDLC00aJS7014.A2bA541 aIndia (Republic).bCommittee on the Training of Municipal Employees.00aReport, April 1963. a[New Delhi]bMinistry of Health, Govt. of India,c[1965] a30 p.c24 cm. a1.00 0aMunicipal officials and employeeszIndia. 0aEmployeesxTraining ofzIndia. c87029d87029